000 00595nam a2200205Ia 4500
005 20250923145939.0
008 008 250917s9999 xx 000 0 eng d
037 _aTextual
040 _aDSWL
_beng
_cDSWL
041 _aeng
_2eng
084 _aY0aYX, N96
_qDSWL
100 _aParton, Nigel
_9840595
245 0 _aSocial theory, Social change and Social work
_c by Nigel Parton
260 _aLondon
_bLondon and New York Delhi, Jaipur
_c1996
300 _aviii,238p.
365 _aGBP
_b13.99
925 _g13.99
942 _cTEXL
_hY0aYX, N96
999 _c1457674
_d1457674